| 000 | 00565cam a2200193 a 4500 | ||
|---|---|---|---|
| 001 | 3505240 | ||
| 005 | 20240208050109.0 | ||
| 008 | 950404s1995 nyu b 001 0 eng | ||
| 020 | _a0231104103 (hbk : alk. paper) | ||
| 040 |
_aDLC _cDLC _dDLC |
||
| 082 | 0 | 0 |
_a306.7 _220 _bJEF. |
| 100 | 1 | _aWeeks, Jeffrey, | |
| 245 | 1 | 0 |
_aInvented moralities : _bsexual values in an age of uncertainty / _cJeffrey Weeks. |
| 260 |
_aNew York : _bColumbia University Press, _c1995. |
||
| 300 | _axiii, 209 p. ; | ||
| 650 | 0 | _aSexual ethics. | |
| 650 | 0 | _aMulticulturalism. | |
| 942 | _cL | ||
| 999 |
_c339 _d339 |
||